Consejo de la Organización de los Estados Americanos: Reglamento /

El Reglamento fue aprobado por el Consejo de la O.E.A. el 16 de julio de 1952. Esta edición contiene las enmiendas realizadas hasta el 15 de febrero de 1961.

Bewaard in:
Bibliografische gegevens
Coauteur: OEA
Formaat: Boek
Taal:Spaans
Gepubliceerd in: Washington, EUA : OEA, 1961
Onderwerpen:
Tags: Voeg label toe
Geen labels, Wees de eerste die dit record labelt!

MARC

LEADER 00000nam^a2200000^a^4500
001 000022145
005 20250521000000.0
009 20260310084445.828
037 |a Acervo ITESO - Biblioteca 
041 |a ESP 
082 |a 341. 245  |b ORG 
110 |a OEA 
245 1 0 |a Consejo de la Organización de los Estados Americanos: Reglamento /  |c Organización de los Estados Americanos. 
264 1 |a Washington, EUA :  |b OEA,  |c 1961 
300 |a 16 p. 
336 |a texto  |b txt  |2 rdacontenido 
337 |a sin mediación  |b n  |2 rdamedio 
338 |a volumen  |b nc  |2 rdasoporte 
520 |a El Reglamento fue aprobado por el Consejo de la O.E.A. el 16 de julio de 1952. Esta edición contiene las enmiendas realizadas hasta el 15 de febrero de 1961. 
649 |a XX 
650 |a Derecho Internacional Público 
650 |a Política Internacional 
650 |a Organizaciones Internacionales 
650 |a OEA -  |x Leyes y Reglamentos 
910 |a Fondo General 
920 |a Impresos - Libros 
930 |a Colección General 
905 |a 101 
901 |a 0221450100  |b IT1  |c ACC  |i 022145  |u 20250521 
902 |a https://opac.biblio.iteso.mx/vufind/Record/000022145